Structured thinking (Record no. 74458)
[ view plain ]
| 000 -LEADER | |
|---|---|
| fixed length control field | 01197cab a2200217 4500 |
| 001 - CONTROL NUMBER | |
| control field | ABS67989 |
| 008 - FIXED-LENGTH DATA ELEMENTS--GENERAL INFORMATION | |
| fixed length control field | 040714n2004 000 0 eng u |
| 035 ## - SYSTEM CONTROL NUMBER | |
| System control number | (Sirsi) u126778 |
| 100 ## - MAIN ENTRY--PERSONAL NAME | |
| Personal name | Evans, D. |
| 245 ## - TITLE STATEMENT | |
| Title | Structured thinking |
| 260 ## - PUBLICATION, DISTRIBUTION, ETC. | |
| Date of publication, distribution, etc. | 2004 |
| 490 ## - SERIES STATEMENT | |
| Series statement | Fire Engineers' Journal |
| Volume/sequential designation | 64(246) July 2004, 38-39(2) |
| 520 ## - SUMMARY, ETC. | |
| Summary, etc. | Discusses how the UK's new approach to emergency response highlights the continuing importance of structural protection in commercial buildings. Points out that passive fire protection should be an integral part of fire engineered solutions and if a building can stand for several hours whilst burning, the occupants can evacuate safely. Fireproofing of steel substructures and correct installation of fire protection systems are vital. Stresses as the fire and rescue services concentrate on domestic fires, where the majority of fatalities occur, the commercial sector must have other means of eliminating fire risk. |
| 590 ## - LOCAL NOTE (RLIN) | |
| Local note | ABS |
| 650 ## - SUBJECT ADDED ENTRY--TOPICAL TERM | |
| Topical term or geographic name entry element | MANAGEMENT-HEALTH AND SAFETY-FIRE SAFETY |
| 650 ## - SUBJECT ADDED ENTRY--TOPICAL TERM | |
| Topical term or geographic name entry element | FIRE PROTECTION |
| 650 ## - SUBJECT ADDED ENTRY--TOPICAL TERM | |
| Topical term or geographic name entry element | FIRE EVACUATION |
| 650 ## - SUBJECT ADDED ENTRY--TOPICAL TERM | |
| Topical term or geographic name entry element | COMMERCIAL BUILDINGS |
| 690 ## - LOCAL SUBJECT ADDED ENTRY--TOPICAL TERM (OCLC, RLIN) | |
| Topical term or geographic name as entry element | BUILT ENVIRONMENT-BUILDING STANDARDS |
| 942 ## - ADDED ENTRY ELEMENTS (KOHA) | |
| Suppress in OPAC | 0 |
| Withdrawn status | Lost status | Source of classification or shelving scheme | Damaged status | Not for loan | Home library | Current library | Shelving location | Date acquired | Total Checkouts | Full call number | Barcode | Date last seen | Copy number | Price effective from | Koha item type |
|---|---|---|---|---|---|---|---|---|---|---|---|---|---|---|---|
| Dewey Decimal Classification | London | London | Journal article | 14/07/2004 | ABS67989 | 126778-1001 | 06/08/2019 | 1 | 06/08/2019 | Journal article |